00597 2200217 4500001002100000005001500021035002000036007000300056008004100059082001200100084001800112100002000130245006800150250001000218260004800228300002900276650003100305700002100336990001100357990001100368INLIS00000000000679420220829021647 a0010-0321000164ta220829 g 0 ind  a297.425 a297.425 AMM a0 aAMMI, Nur Baits1 aAda Apa dengan Riba? /cAmmi Nur Baits; editor, Rahmat Purwanto acet.3 aJogjakarta :bPustaka Muamalah Jogja,c2017 axvii, 260 hal. ;c21 cm. 4aHUKUM PERDATA (ISLAM)-RIBA0 aRAHMAT, Purwanto a7962 a a7962 a